00630nam a2200193Ia 4500008004100000020001800041082001700059100002400076245003700100250000800137260004400145300002300189500001900212600002700231650001500258942000700273952013900280999001700419240925s9999 xx 000 0 und d a9788126543939 a621.3815 CAR aCarusone, Tony Chan 0aAnalog Integrated Circuit Design a2nd aNew Delhi:bJohn Wiley and Sonsc,2015. a355p.b0fOriginal aIncludes Index aEngineering Technology aTechnology cBK 001040708ETaUITUbUITUd2017-05-09eBook World Internationalg590.00l0o621.3815 CARpQ11295r2024-09-25 07:16:01w2024-09-25yBK c13794d13794